Kadra Reprezentacji Polski na EURO 2016 - Statystyki

Ogólne statystyki
  • Ten quiz został rozwiązany 317 razy
  • Średni wynik to 16 z 23
Statystyki odpowiedzi
Pozycja Zawodnik % Poprawnych
Bramkarz Wojciech Szczęsny
99%
Bramkarz Łukasz Fabiański
98%
Napastnik Robert Lewandowski
98%
Napastnik Arkadiusz Milik
97%
Obrońca Kamil Glik
96%
Obrońca Łukasz Piszczek
93%
Obrońca Michał Pazdan
93%
Pomocnik Jakub Błaszczykowski
91%
Pomocnik Kamil Grosicki
85%
Pomocnik Grzegorz Krychowiak
84%
Pomocnik Piotr Zieliński
80%
Obrońca Artur Jędrzejczyk
78%
Bramkarz Artur Boruc
74%
Pomocnik Krzysztof Mączyński
73%
Pomocnik Bartosz Kapustka
68%
Pomocnik Sławomir Peszko
49%
Obrońca Thiago Cionek
48%
Pomocnik Karol Linetty
47%
Pomocnik Tomasz Jodłowiec
45%
Obrońca Jakub Wawrzyniak
36%
Napastnik Mariusz Stępiński
36%
Obrońca Bartosz Salamon
27%
Pomocnik Filip Starzyński
21%
Nie znaleziono quizów pasujących do podanych kryteriów
Rozkład punktacji
Procent ludzi z każdym wynikiem
Percentyl według liczby udzielonych odpowiedzi
Twoja historia wyników
Nie rozwiązałeś tego quizu